A cigányügy rendezése

Elmentve itt :
Bibliográfiai részletek
Szerző: Mihálovits Gyula
Dokumentumtípus: Kézirat
Megjelent: 1904
Kulcsszavak:cigányügy, cigánykérdés
Tárgyszavak:
Online Access:http://misc.bibl.u-szeged.hu/46763
LEADER 00707ntm a2200193 i 4500
001 misc46763
005 20201216100235.0
008 200429s1904 hu o 0|| hun d
040 |a SZTE Miscellanea Repozitórium  |b hun 
041 |a hun 
100 1 |a Mihálovits Gyula 
245 1 2 |a A cigányügy rendezése  |h [elektronikus dokumentum] /  |c  Mihálovits Gyula 
260 |c 1904 
300 |a 40 
561 |a Herrmann Antal hagyaték 
650 4 |a Szociológia 
650 4 |a Társadalomszerkezet, egyenlőtlenségek, társadalmi mobilitás, etnikumközi kapcsolatok 
695 |a cigányügy, cigánykérdés 
856 4 0 |u http://misc.bibl.u-szeged.hu/46763/1/hermann_antal_ciganyugy_rendezese_konyv.pdf  |z Dokumentum-elérés